Thực hành kỹ thuật điện-điện tử trong hệ thống sưởi-thông gió điều hoà không khí
Cung cấp các nguyên lý căn bản về điện và điện tử đuợc áp dụng vào hệ thống làm lạnh, cấp nhiệt và điều hòa không khí. Kết hợp nhiều nguyên lý căn bản với nhiều ứng dụng mới nhất trong công nghiệp cấp nhiệt - thông gió - điều hoà...
Guardado en:
| Autor principal: | |
|---|---|
| Formato: | Libro |
| Lenguaje: | Undetermined |
| Publicado: |
Thành phố Hồ Chí Minh
Khoa học và kỹ thuật
2012
|
| Materias: | |
| Etiquetas: |
Agregar Etiqueta
Sin Etiquetas, Sea el primero en etiquetar este registro!
|
| Thư viện lưu trữ: | Trung tâm Học liệu Trường Đại học Cần Thơ |
|---|
| LEADER | 01114nam a2200205Ia 4500 | ||
|---|---|---|---|
| 001 | CTU_177459 | ||
| 008 | 210402s9999 xx 000 0 und d | ||
| 020 | |c 95000 | ||
| 082 | |a 621.56 | ||
| 082 | |b M510 | ||
| 100 | |a Tăng, Văn Mùi | ||
| 245 | 0 | |a Thực hành kỹ thuật điện-điện tử trong hệ thống sưởi-thông gió điều hoà không khí | |
| 245 | 0 | |c Tăng Văn Mùi , Trần Duy Nam | |
| 260 | |a Thành phố Hồ Chí Minh | ||
| 260 | |b Khoa học và kỹ thuật | ||
| 260 | |c 2012 | ||
| 520 | |a Cung cấp các nguyên lý căn bản về điện và điện tử đuợc áp dụng vào hệ thống làm lạnh, cấp nhiệt và điều hòa không khí. Kết hợp nhiều nguyên lý căn bản với nhiều ứng dụng mới nhất trong công nghiệp cấp nhiệt - thông gió - điều hoà không khí ,... | ||
| 650 | |a Electronics,Electric,Điện tử,Điện | ||
| 904 | |i Trang, Năm | ||
| 980 | |a Trung tâm Học liệu Trường Đại học Cần Thơ | ||